| 000 | 01047cam a2200253 i 4500 | ||
|---|---|---|---|
| 003 | SA-RiAUC | ||
| 005 | 20251022074305.0 | ||
| 008 | 251020s1993 su g 000r0 ara c | ||
| 040 |
_aSA-RiAUC _bara _cSA-RiAUC _erda |
||
| 082 | 0 | 4 | _a213 |
| 090 |
_a213 _bا س م |
||
| 100 | 1 |
_aإسماعيل، إبراهيم _eمؤلف. |
|
| 245 | 1 | 2 |
_aالإعلام الإسلامي ووسائل الاتصال الحديثة / _cإبراهيم إسماعيل. |
| 264 | 1 |
_aمكة المكرمة : _bرابطة العالم الإسلامي، قطاع الإعلام والثقافة، _c1993 |
|
| 300 |
_a108 صفحة ؛ _c21 سم. |
||
| 336 |
_aنص _btxt _2rdacontent _3كتاب |
||
| 337 |
_aبدون وسيط _bn _2rdamedia |
||
| 338 |
_aمجلد _bnc _2rdacarrier |
||
| 440 | 0 |
_aدعوة الحق (رابطة العالم الإسلامي (مكة المكرمة)) _v133 |
|
| 650 | 7 |
_aالدعوة الإسلامية _2aucsh |
|
| 650 | 7 |
_aالإعلام الإسلامي _2aucsh |
|
| 942 |
_2ddc _cBOOK _n0 |
||
| 949 |
_aSA-JeALM _d251020 _umohamedma123 _n1 |
||
| 999 |
_c12692 _d12692 |
||